La préparation du budget de l’État au Maroc : une nouvelle procédure au service de la performance (notice n° 1616150)
[ vue normale ]
| 000 -LEADER | |
|---|---|
| fixed length control field | 00781cam a2200205 4500500 |
| 005 - DATE AND TIME OF LATEST TRANSACTION | |
| control field | 20260111080324.0 |
| 041 ## - LANGUAGE CODE | |
| Language code of text/sound track or separate title | fre |
| 042 ## - AUTHENTICATION CODE | |
| Authentication code | dc |
| 100 10 - MAIN ENTRY--PERSONAL NAME | |
| Personal name | Khallouk, Ouafaa |
| Relator term | author |
| 245 00 - TITLE STATEMENT | |
| Title | La préparation du budget de l’État au Maroc : une nouvelle procédure au service de la performance |
| 260 ## - PUBLICATION, DISTRIBUTION, ETC. | |
| Date of publication, distribution, etc. | 2019.<br/> |
| 500 ## - GENERAL NOTE | |
| General note | 19 |
| 690 ## - LOCAL SUBJECT ADDED ENTRY--TOPICAL TERM (OCLC, RLIN) | |
| Topical term or geographic name as entry element | gestion par les résultats |
| 690 ## - LOCAL SUBJECT ADDED ENTRY--TOPICAL TERM (OCLC, RLIN) | |
| Topical term or geographic name as entry element | indicateurs de performance |
| 690 ## - LOCAL SUBJECT ADDED ENTRY--TOPICAL TERM (OCLC, RLIN) | |
| Topical term or geographic name as entry element | loi organique relative à la loi de finances (LOF) |
| 690 ## - LOCAL SUBJECT ADDED ENTRY--TOPICAL TERM (OCLC, RLIN) | |
| Topical term or geographic name as entry element | Maroc |
| 690 ## - LOCAL SUBJECT ADDED ENTRY--TOPICAL TERM (OCLC, RLIN) | |
| Topical term or geographic name as entry element | programmation budgétaire triennale |
| 786 0# - DATA SOURCE ENTRY | |
| Note | Gestion & Finances Publiques | 2 | 2 | 2019-03-01 | p. 109-118 | 1969-1009 |
| 856 41 - ELECTRONIC LOCATION AND ACCESS | |
| Uniform Resource Identifier | <a href="https://droit.cairn.info/revue-gestion-et-finances-publiques-2019-2-page-109?lang=fr&redirect-ssocas=7080">https://droit.cairn.info/revue-gestion-et-finances-publiques-2019-2-page-109?lang=fr&redirect-ssocas=7080</a> |
Pas d'exemplaire disponible.




Réseaux sociaux